| 000 | 00654nam a2200217 i 4500 | ||
|---|---|---|---|
| 001 | 98134 | ||
| 003 | ES-MaACL | ||
| 005 | 20230906182224.0 | ||
| 007 | t| | ||
| 008 | 050726s1960 ag ||||1| spa d | ||
| 080 | _a82-311.2"19" | ||
| 100 | 1 |
_aMarquand, John Phillips. _976970 |
|
| 245 | 1 | 4 |
_aLas mujeres y Thomas Harrow / _cpor John Phillips Marquand ; [traducción de Alfredo Crespo]. |
| 260 |
_aBuenos Aires : _bPlaza & Janés, _c1960. |
||
| 300 |
_a511 p. ; _c24 cm. |
||
| 490 | 1 | _aNovelistas del día | |
| 700 | 1 |
_aCrespo, Alfredo. _941511 |
|
| 830 | 1 |
_aNovelistas del día _9180813 |
|
| 852 | 4 |
_aES-MaACL _jC-21331 |
|
| 999 |
_c98134 _d98134 |
||